| 000 | 00692nam a2200241Ia 4500 | ||
|---|---|---|---|
| 003 | OSt | ||
| 005 | 20250317105507.0 | ||
| 008 | 230125s9999 xx 000 0 und d | ||
| 020 | _a978-81-8498-448-4 | ||
| 041 | _aeng | ||
| 082 |
_a891.463 _bCAN/PAT |
||
| 100 | _aCanfield J | ||
| 245 |
_aChicken Soup for the Soul _bIndian Mothers |
||
| 260 |
_c2013 _bMehta publication _aPune |
||
| 300 | _a260p | ||
| 440 | _aChicken Soup for the Soul Series Book | ||
| 500 | _aChicken Soup for the Soul Series Book;Literature;Marathi Literature | ||
| 650 | _aMarathi Literature | ||
| 700 |
_aCanfield J & Patwardhan V _9108367 |
||
| 906 | _b54 | ||
| 942 |
_2ddc _cBK |
||
| 999 |
_c85202 _d85202 |
||